00534 2200205 4500001002100000005001500021035002000036007000300056008004100059020002200100082001200122084001800134100001700152245004800169260003100217300003500248700001500283700001700298700001300315INLIS00000000000032720260115024213 a0010-0126000020ta260115 0 ind  a978-623-180-589-8 a327.207 a327.207 WID p0 aWidodo, joko1 aPengelolaan Humas dan Keprotokolan Kelas XI aJakarta :bErlangga,c2024 aix + 246 hlm. ;c17,5 x 25 cm.0 aHarti, dwi0 aSumarsih sri0 aSuliarsi